| 000 | 00666nam a22002057a 4500 | ||
|---|---|---|---|
| 003 | BD-DhJNU | ||
| 005 | 20250717043943.0 | ||
| 008 | 250717b |||||||| |||| 00| 0 eng d | ||
| 040 |
_aBD-DhJNU _bENG _cBD-DhJNU _dBD-DhJNU |
||
| 082 |
_223 _a321.4 AME |
||
| 100 | _aCarr, Robert Kenneth | ||
| 245 |
_aAmerican democracy in theory and practice : _bessentials of national government / _cRobert K. Carr ... [et al.]. |
||
| 250 | _a4th ed. | ||
| 260 |
_aNew York : _bRinehart, _c1963. |
||
| 300 |
_axxv, 990p. : _bill. ; _c25cm. |
||
| 504 | _aIncludes index | ||
| 650 |
_aUnited States _x Politics and government |
||
| 650 |
_a Handbooks _xManuals |
||
| 942 |
_2ddc _cBK _n0 |
||
| 999 |
_c1911 _d1911 |
||